000 00358nam a2200145Ia 4500
008 230711s9999||||xx |||||||||||||| ||und||
041 _aENG
082 _a621
_bRA-D
100 _aRangnekar,saroj
245 0 _aDigital electronics
250 _a1st Ed.
260 _c2001
_aNew Delhi
_bISTE Learing Material
650 _aElectronics Engineering
942 _cBK
999 _c8396
_d8396